| 000 | 00852nam a22002297a 4500 | ||
|---|---|---|---|
| 005 | 20100819113936.0 | ||
| 010 | _aENG-101333 | ||
| 020 |
_a9788185867922 _c150.00 |
||
| 035 | _aEN-84866 | ||
| 037 | _bDBAD/PUB | ||
| 082 | _a622.1 | ||
| 100 |
_aRaju, R. Dhana _917202 |
||
| 245 |
_aHandbook of minral exploration and ore petrology : _bteachniques and applications / _cby R. Dhana Raju |
||
| 260 |
_aBanglore _bGeological Society of India _c2009 |
||
| 270 |
_aPB.1922, Gavipuram P.O. Banglore _bBanglore _e560019 |
||
| 300 |
_ax, 494 p. _b24cm (Pbk) |
||
| 500 | _aIncludes bibliographical references and index | ||
| 700 | _915115 | ||
| 700 | _915135 | ||
| 942 |
_2ddc _cEN _h622.1 _mRAJ |
||
| 999 |
_c42973 _d42973 |
||